| 000 | 00726cam a2200205 a 4500 | ||
|---|---|---|---|
| 020 | _a157003768X (pbk.) | ||
| 020 | _a9781570037689 (pbk.) | ||
| 082 | 0 | 0 |
_a940.4 _bBEN _cD |
| 100 | 1 |
_aBenstead, C. R. _949615 |
|
| 245 | 1 | 0 |
_aRetreat, a story of 1918 / _cCharles R. Benstead ; new introduction by Hugh Cecil. |
| 250 | _aPbk. ed. | ||
| 260 |
_aColumbia : _bUniversity of South Carolina Press, _cc2008. |
||
| 300 |
_axxvii, 317 p. : _bill., map ; _c22 cm. |
||
| 500 | _aOriginally published: London : Methuen & Co., 1930. | ||
| 526 |
_a0 _b0 _c0 _d940_400000000000000_BEN |
||
| 650 | 0 |
_aMCE _9379 |
|
| 650 | 0 |
_aWorld War, 1914-1918 _928173 |
|
| 856 | 4 | 1 | _uhttp://www.loc.gov/catdir/toc/ecip0818/2008021052.html |
| 942 |
_2ddc _cBK |
||
| 999 |
_c552399 _d552399 |
||